[Event "Titled Tuesday intern op 03rd Jan Late"]
[Site "Chess.com INT"]
[Date "2025.06.03"]
[Round "6"]
[White "Borisov, Yuri"]
[Black "Hoeffer, David"]
[Result "1-0"]
[WhiteElo "2285"]
[BlackElo "2295"]
[PlyCount "57"]
[EventDate "2025.06.03"]
[EventType "swiss (blitz)"]
[EventRounds "11"]
[EventCountry "USA"]
[SourceTitle "CB24_2025"]
[SourceDate "2025.06.11"]
[SourceVersion "1"]
[SourceVersionDate "2025.06.11"]
[SourceQuality "1"]

1. e4 e5 2. f4 Nc6 3. Nc3 Bc5 4. Nf3 d6 5. Bb5 Bd7 6. d3 Nge7 7. Na4 exf4 8. Nxc5 dxc5 9. Bxf4 Ng6 10. Bg5 f6 11. Be3 b6 12. Bc4 Nce5 13. Nxe5 Nxe5 14. Qh5+ g6 15. Qh6 Qe7 16. 0-0-0 Ng4 17. Qf4 Nxe3 18. Qxe3 0-0-0 19. Ba6+ Kb8 20. Rhf1 Bc6 21. Qf4 Rhf8 22. Rf2 f5 23. Rdf1 g5 24. Qg3 f4 25. Qg4 Bd7 26. Qh5 Be8 27. Qh6 Rd6 28. Qh3 h5 29. Qc8# 1-0

[Event "Titled Tuesday intern op 03rd Jan Late"]
[Site "Chess.com INT"]
[Date "2025.06.03"]
[Round "1"]
[White "Kaczur, Florian"]
[Black "Borisov, Yuri"]
[Result "1-0"]
[WhiteElo "2500"]
[BlackElo "2285"]
[PlyCount "127"]
[EventDate "2025.06.03"]
[EventType "swiss (blitz)"]
[EventRounds "11"]
[EventCountry "USA"]
[SourceTitle "CB24_2025"]
[SourceDate "2025.06.11"]
[SourceVersion "1"]
[SourceVersionDate "2025.06.11"]
[SourceQuality "1"]

1. e4 e6 2. g3 d5 3. d3 Nf6 4. Bg2 c5 5. Bg5 Be7 6. Nc3 d4 7. Nce2 Nc6 8. Nf3 0-0 9. 0-0 h6 10. Bf4 Nh5 11. Bd2 e5 12. c3 f5 13. cxd4 cxd4 14. exf5 Bxf5 15. Qb3+ Kh7 16. h3 Bd7 17. g4 Nf6 18. Ng3 Rb8 19. g5 Ng8 20. gxh6 Nxh6 21. Rae1 Bxh3 22. Nxe5 Bxg2 23. Kxg2 Nxe5 24. Rxe5 Bd6 25. Rg5 Bf4 26. Bxf4 Rxf4 27. Qd5 Qxd5+ 28. Rxd5 Rbf8 29. f3 Nf5 30. Rh1+ Kg8 31. Nxf5 R8xf5 32. Rxf5 Rxf5 33. Rh4 Rc5 34. Rxd4 Rc2+ 35. Kg3 Rxb2 36. a4 a6 37. Kf4 Kf7 38. Ke5 Ke7 39. Rg4 Kf7 40. d4 b5 41. d5 Re2+ 42. Kd6 Ra2 43. Rf4+ Ke8 44. axb5 axb5 45. Rb4 Rf2 46. f4 Kd8 47. Rxb5 Kc8 48. Rb4 g6 49. Re4 Kd8 50. Ra4 Ke8 51. Ke5 Re2+ 52. Kf6 Rd2 53. Re4+ Kd7 54. Kxg6 Rxd5 55. f5 Rd3 56. f6 Rg3+ 57. Kf7 Rg1 58. Rd4+ Kc6 59. Ke7 Kc5 60. Rd2 Re1+ 61. Kf8 Kc6 62. f7 Rf1 63. Rg2 Kd7 64. Kg7 1-0

[Event "Titled Tuesday intern op 03rd Jan Late"]
[Site "Chess.com INT"]
[Date "2025.06.03"]
[Round "10"]
[White "Metin, Enis"]
[Black "Borisov, Yuri"]
[Result "0-1"]
[WhiteElo "2169"]
[BlackElo "2285"]
[PlyCount "60"]
[EventDate "2025.06.03"]
[EventType "swiss (blitz)"]
[EventRounds "11"]
[EventCountry "USA"]
[SourceTitle "CB24_2025"]
[SourceDate "2025.06.11"]
[SourceVersion "1"]
[SourceVersionDate "2025.06.11"]
[SourceQuality "1"]

1. e4 e6 2. d4 d5 3. e5 c5 4. c3 Nc6 5. Nf3 Qb6 6. Be2 cxd4 7. cxd4 Nh6 8. Bxh6 Qxb2 9. Nbd2 gxh6 10. 0-0 Nxd4 11. Nxd4 Qxd4 12. Bb5+ Bd7 13. Bxd7+ Kxd7 14. Qe2 a6 15. Rab1 b5 16. Nb3 Qe4 17. Qh5 Qg6 18. Qf3 Rc8 19. a4 b4 20. Rfc1 Rc3 21. Rxc3 bxc3 22. Rc1 Ba3 23. Rf1 Rc8 24. Qe2 Rc6 25. Nd4 Rc4 26. Nc2 Bc5 27. Kh1 Qe4 28. Qh5 Qxc2 29. Qxf7+ Be7 30. Qxh7 Qxh7 0-1

[Event "Titled Tuesday intern op 31st Oct Early"]
[Site "Chess.com INT"]
[Date "2023.10.31"]
[Round "10"]
[White "Borisov, Yuri"]
[Black "Heinemann, Josefine"]
[Result "0-1"]
[WhiteElo "2275"]
[BlackElo "2318"]
[PlyCount "100"]
[EventDate "2023.10.31"]
[EventType "swiss (blitz)"]
[EventRounds "11"]
[EventCountry "USA"]
[SourceTitle "EXT 2025"]
[Source "ChessBase"]
[SourceDate "2024.10.14"]
[SourceVersion "1"]
[SourceVersionDate "2024.10.14"]
[SourceQuality "1"]

1. e4 c5 2. Nc3 d6 3. f4 g6 4. Nf3 Bg7 5. Bc4 Nc6 6. d3 e6 7. 0-0 Nge7 8. Qe1 0-0 9. Qh4 d5 10. Bb3 Nd4 11. f5 gxf5 12. Bh6 fxe4 13. dxe4 Ng6 14. Qh5 Nxf3+ 15. Rxf3 Qh4 16. Qxh4 Nxh4 17. Rg3 Ng6 18. Bxg7 Kxg7 19. exd5 e5 20. Ne4 b6 21. Nd6 Bd7 22. Rf1 f5 23. c4 Rf6 24. Nb5 f4 25. Rd3 e4 26. Rdd1 Bxb5 27. cxb5 Rd8 28. Rfe1 e3 29. Kf1 Nh4 30. g3 Nf3 31. Re2 Nd4 32. gxf4 Rxf4+ 33. Ke1 Nxe2 34. Kxe2 Re8 35. Rg1+ Kf6 36. Rg2 Rd4 37. Kf3 Rd2 38. Re2 Rxe2 39. Kxe2 Kf5 40. a3 Kf4 41. Bc4 Rd8 42. b3 Rd6 43. a4 Rg6 44. h4 Rg2+ 45. Kf1 Rd2 46. Ke1 h6 47. h5 Kg4 48. Be2+ Kh4 49. Bf3 Kg3 50. Be2 Rxd5 0-1

[Event "Titled Tuesday intern op 31st Oct Early"]
[Site "Chess.com INT"]
[Date "2023.10.31"]
[Round "6"]
[White "Borisov, Yuri"]
[Black "Rey Martinez, Jaime"]
[Result "1/2-1/2"]
[WhiteElo "2275"]
[BlackElo "2344"]
[PlyCount "140"]
[EventDate "2023.10.31"]
[EventType "swiss (blitz)"]
[EventRounds "11"]
[EventCountry "USA"]
[SourceTitle "EXT 2025"]
[Source "ChessBase"]
[SourceDate "2024.10.14"]
[SourceVersion "1"]
[SourceVersionDate "2024.10.14"]
[SourceQuality "1"]

1. e4 c5 2. Nc3 Nc6 3. f4 g6 4. Nf3 Bg7 5. Bc4 e6 6. d3 Nge7 7. 0-0 d5 8. Bb3 0-0 9. Qe1 a6 10. a4 Rb8 11. Qh4 b5 12. axb5 axb5 13. f5 exf5 14. exd5 Nd4 15. Bf4 Rb7 16. Rae1 Nxb3 17. cxb3 Rd7 18. d6 Nc6 19. Qxd8 Rfxd8 20. Nxb5 Ba6 21. Nc7 Bxd3 22. Rf2 h6 23. Re8+ Rxe8 24. Nxe8 g5 25. Nxg7 Kxg7 26. Rd2 Nb4 27. Be5+ f6 28. Bc3 Be4 29. Bxb4 cxb4 30. Rd4 Kf7 31. Nd2 Bc6 32. Nc4 Ke6 33. Kf2 Bd5 34. Nb6 Rxd6 35. Rxb4 Bc6 36. Nc4 Rd3 37. Rb6 Kd7 38. b4 Rb3 39. Rxc6 Rxb4 40. Rc5 f4 41. Ke2 g4 42. Kd3 Rb3+ 43. Kc2 f3 44. gxf3 Rxf3 45. Rh5 Ke6 46. Rxh6 Kd5 47. Nd2 Rf2 48. Rh4 f5 49. Rh5 Ke6 50. b4 f4 51. b5 g3 52. hxg3 fxg3 53. Rg5 g2 54. Rg8 Kf7 55. Rg3 Ke7 56. b6 Kd6 57. b7 Kc7 58. Rb3 Kb8 59. Rb1 Rf1 60. Nxf1 g1Q 61. Nd2 Qg6+ 62. Kc3 Qc6+ 63. Kb2 Qb6+ 64. Kc2 Qg6+ 65. Kc3 Qg7+ 66. Kc2 Qh7+ 67. Kc3 Qh8+ 68. Kc2 Qh7+ 69. Kc3 Qxb1 70. Nxb1 Kxb7 1/2-1/2

[Event "Titled Tuesday intern op 31st Oct Early"]
[Site "Chess.com INT"]
[Date "2023.10.31"]
[Round "9"]
[White "Panda, Sambit"]
[Black "Borisov, Yuri"]
[Result "1-0"]
[WhiteElo "2404"]
[BlackElo "2275"]
[PlyCount "75"]
[EventDate "2023.10.31"]
[EventType "swiss (blitz)"]
[EventRounds "11"]
[EventCountry "USA"]
[SourceTitle "EXT 2025"]
[Source "ChessBase"]
[SourceDate "2024.10.14"]
[SourceVersion "1"]
[SourceVersionDate "2024.10.14"]
[SourceQuality "1"]

1. d4 e6 2. Nf3 f5 3. b3 Nf6 4. g3 d5 5. Bg2 c6 6. 0-0 Bd6 7. Ba3 0-0 8. c4 b6 9. Bxd6 Qxd6 10. Nc3 Ba6 11. Ne5 Nbd7 12. f4 Rac8 13. Rc1 Ne4 14. Nxe4 dxe4 15. e3 Rfd8 16. Nxd7 Rxd7 17. Rf2 c5 18. Rd2 Rcd8 19. d5 exd5 20. cxd5 Bd3 21. Rxd3 exd3 22. Qxd3 Re7 23. Re1 Rde8 24. Kf2 g6 25. h3 Qf6 26. Bf3 Rd8 27. Re2 Kg7 28. g4 fxg4 29. hxg4 Qh4+ 30. Kg2 h5 31. g5 Rde8 32. d6 Rd7 33. Qc3+ Kh7 34. Qf6 Red8 35. Be4 Rxd6 36. Bxg6+ Kg8 37. Qf7+ Kh8 38. Qh7# 1-0

[Event "Paris-ch op-A 87th"]
[Site "Paris"]
[Date "2012.07.07"]
[Round "1"]
[White "Renet, Olivier"]
[Black "Borisov, Yuri"]
[Result "1/2-1/2"]
[WhiteElo "2472"]
[BlackElo "2277"]
[PlyCount "59"]
[EventDate "2012.07.07"]
[EventType "swiss"]
[EventRounds "9"]
[EventCountry "FRA"]
[SourceTitle "CBM 149 Extra"]
[Source "ChessBase"]
[SourceDate "2012.08.24"]
[SourceVersion "1"]
[SourceVersionDate "2012.08.24"]
[SourceQuality "1"]

1. e4 e6 2. d4 d5 3. Nc3 dxe4 4. Nxe4 Nd7 5. Nf3 Ngf6 6. Nxf6+ Nxf6 7. Bd3 Be7 8. Qe2 0-0 9. 0-0 b6 10. Bg5 Bb7 11. Rad1 h6 12. Bf4 Nh5 13. Be3 Bd6 14. Ne5 Qh4 15. f4 Nf6 16. Bd2 Rad8 17. b4 c5 18. Be1 Qh5 19. Qxh5 Nxh5 20. Bh4 g5 21. fxg5 hxg5 22. Bxg5 f6 23. Be2 fxg5 24. Bxh5 cxd4 25. Nf7 Rd7 26. Nxd6 Rxd6 27. Rxf8+ Kxf8 28. Rf1+ Kg8 29. Bg6 Kg7 30. Bd3 1/2-1/2

[Event "FRA-chT2 0304"]
[Site "France"]
[Date "2004.01.18"]
[Round "6"]
[White "Borisov, Yuri"]
[Black "Todorov, Todor"]
[Result "0-1"]
[WhiteElo "2243"]
[BlackElo "2492"]
[PlyCount "62"]
[EventDate "2003.10.??"]
[EventType "team-tourn"]
[EventRounds "11"]
[EventCountry "FRA"]
[SourceTitle "EXT 2005"]
[Source "ChessBase"]
[SourceDate "2004.11.15"]
[SourceVersion "1"]
[SourceVersionDate "2004.11.15"]
[SourceQuality "1"]

1. e4 c5 2. Nc3 Nc6 3. f4 e6 4. Nf3 d5 5. Bb5 Nge7 6. Ne5 Bd7 7. 0-0 d4 8. Nxd7 dxc3 9. Nxf8 Qd4+ 10. Kh1 cxb2 11. Bxb2 Qxb2 12. Nxe6 fxe6 13. Qh5+ g6 14. Qxc5 0-0-0 15. d3 Qd4 16. Qg5 Rhf8 17. Rab1 Qf6 18. Qg4 Kb8 19. Ba6 b6 20. Qe2 e5 21. Qe3 Kc7 22. g3 Qd6 23. c3 Qa3 24. Bb5 Qxc3 25. Rfc1 Qd4 26. Qe1 exf4 27. Rc4 Qe3 28. Qc3 fxg3 29. Rxc6+ Nxc6 30. Qxc6+ Kb8 31. hxg3 Rf2 0-1

[Event "FRA-chT2 0304"]
[Site "France"]
[Date "2004.01.17"]
[Round "5"]
[White "Borisov, Yuri"]
[Black "Demarre, Jacques"]
[Result "1/2-1/2"]
[WhiteElo "2243"]
[BlackElo "2315"]
[PlyCount "65"]
[EventDate "2003.10.??"]
[EventType "team-tourn"]
[EventRounds "11"]
[EventCountry "FRA"]
[SourceTitle "EXT 2005"]
[Source "ChessBase"]
[SourceDate "2004.11.15"]
[SourceVersion "1"]
[SourceVersionDate "2004.11.15"]
[SourceQuality "1"]

1. e4 e5 2. Nf3 Nc6 3. Bc4 Nf6 4. d3 Be7 5. 0-0 0-0 6. c3 d5 7. exd5 Nxd5 8. Re1 Bg4 9. h3 Bh5 10. g4 Bg6 11. Nxe5 Nxe5 12. Rxe5 Nb6 13. Bb3 Bd6 14. Bg5 Qd7 15. Re3 Kh8 16. Nd2 f5 17. Be6 Qc6 18. Qf3 Qb5 19. gxf5 Bxf5 20. c4 Qxb2 21. Rb1 Qxd2 22. Bxf5 g6 23. Qg4 Bc5 24. Qh4 Qc3 25. Bxg6 Qg7 26. d4 Bxd4 27. Bxh7 Qxh7 28. Qxd4+ Kg8 29. Rg3 Rf7 30. Rf3 Qxb1+ 31. Kg2 Rd8 32. Qg4 Qg6 33. h4 1/2-1/2